Social work (an introduction) / (Record no. 1127204)

MARC details
000 -LEADER
fixed length control field 01169nam a2200349 a 4500
001 - CONTROL NUMBER
control field vtls001679025
003 - CONTROL NUMBER IDENTIFIER
control field NLI
005 - DATE AND TIME OF LATEST TRANSACTION
control field 20210628151214.0
008 - FIXED-LENGTH DATA ELEMENTS--GENERAL INFORMATION
fixed length control field 130306s2012 ii g 000 0 eng d
020 ## - INTERNATIONAL STANDARD BOOK NUMBER
International Standard Book Number 9788189728564
Terms of availability Rs.450.00
039 #9 - LEVEL OF BIBLIOGRAPHIC CONTROL AND CODING DETAIL [OBSOLETE]
Level of rules in bibliographic description 201307121552
Level of effort used to assign nonsubject heading access points krishanuc
Level of effort used to assign subject headings 201307121550
Level of effort used to assign classification krishanuc
Level of effort used to assign subject headings 201303061937
Level of effort used to assign classification joykd
-- 201303061935
-- syamalkb
040 ## - CATALOGING SOURCE
Original cataloging agency NLI
Language of cataloging eng
041 0# - LANGUAGE CODE
Language code of text/sound track or separate title eng
044 ## - COUNTRY OF PUBLISHING/PRODUCING ENTITY CODE
MARC country code ii
082 04 - DEWEY DECIMAL CLASSIFICATION NUMBER
Classification number 361.3
Edition number 22
245 00 - TITLE STATEMENT
Title Social work (an introduction) /
Statement of responsibility, etc. compiled by S. Chowdhary
260 ## - PUBLICATION, DISTRIBUTION, ETC.
Place of publication, distribution, etc. Delhi :
Name of publisher, distributor, etc. Excellent Books,
Date of publication, distribution, etc. 2012
300 ## - PHYSICAL DESCRIPTION
Extent xii, 6-281p. ;
Dimensions 22cm.
500 ## - GENERAL NOTE
General note Study material with multiple choice questions
650 #0 - SUBJECT ADDED ENTRY--TOPICAL TERM
Topical term or geographic name entry element Social service
9 (RLIN) 678483
650 #0 - SUBJECT ADDED ENTRY--TOPICAL TERM
Topical term or geographic name entry element Social work
9 (RLIN) 727471
700 ## - ADDED ENTRY--PERSONAL NAME
Personal name Chowdhary, S.,
Relationship com
9 (RLIN) 1110763
887 ## - NON-MARC INFORMATION FIELD
Content of non-MARC field syamal Kanti Biswas krishanu
901 ## - LOCAL DATA ELEMENT A, LDA (RLIN)
a DB131517 :
b 15.05.2011
902 ## - LOCAL DATA ELEMENT B, LDB (RLIN)
a E 361.3 So 13
904 ## - LOCAL DATA ELEMENT D, LDD (RLIN)
a syamal Kanti Biswas
905 ## - LOCAL DATA ELEMENT E, LDE (RLIN)
a krishanu
949 ## - LOCAL PROCESSING INFORMATION (OCLC)
-- VIRTUAITEM
-- 10000
-- 100
6 DBA000131517ENG
942 ## - ADDED ENTRY ELEMENTS (KOHA)
Source of classification or shelving scheme Dewey Decimal Classification
Koha item type Books
Holdings
Withdrawn status Lost status Damaged status Not for loan Collection code Home library Current library Shelving location Date acquired Total Checkouts Full call number Barcode Date last seen Price effective from Koha item type
        New English National Library of India National Library of India New English - Main Stack Division     E 361.3 So 13 DBA000131517ENG 28/06/2021 28/06/2021 Books
                                                                           
web counter

Copyright ©2020 The National Library of India, Govt. of India ↔ Hosted by NVLI, MOC ↔ Technology and Design by National Library of India, Ministry of Culture, Govt. of India